| 000 | 00920nam0a22002531 4500 | ||
|---|---|---|---|
| 001 | rc\896259 | ||
| 005 | 20250622033553.0 | ||
| 035 | _a(NLR Aleph) 006072459 | ||
| 090 |
_a5015510 _c5015510 |
||
| 100 | _a20041129d1984 |||y0rusy50 ca | ||
| 101 | 0 | _arus | |
| 102 | _aRU | ||
| 105 | _aa ||||||||| | ||
| 200 | 1 |
_aСовременное линейной программирование _eТеория и практика _fПер. с англ. Н.К. Буровой _gПод ред. А.-И.А. Станевичюса |
|
| 210 |
_aМ. _cМир _d1984 |
||
| 215 |
_a224 с. _cил. _d21 |
||
| 300 | _aПеревод изд.: Advanced linear programming: computation and practice / Bruce A. Murtagh (New York etc., 1981) | ||
| 320 | _aБиблиогр.: с. 219-221 | ||
| 700 | 1 |
_aМуртаф _bБ. _gБрюс |
|
| 801 | 0 |
_aRU _bNLR _gpsbo |
|
| 801 | 1 |
_aRU _bELAR _2rusmarc |
|
| 852 |
_aNLR _j84-5/4664 |
||
| 942 | _cBOOK | ||
| 980 | _aNB | ||